000 00364 a2200109 4500
001 ART_23616
005 20260410161932.0
008 260409a
245 1 0 _aBalance general:
100 1 _aWajchman, Mauricio
773 0 _tRevista de la Facultad de Ciencias Económicas de la Universidad de Cuyo
_g- Año XXIV, Nº 72 (sep./dic. 1972)
_wREV22981
999 _c28670
_d28670